Geochemical conditions and organic synthesis of coal and kerogens; Coke and Chemistry; Vol. 58, iss. 6
| Parent link: | Coke and Chemistry Vol. 58, iss. 6.— 2015.— [P. 214-217] |
|---|---|
| Hovedforfatter: | |
| Institution som forfatter: | |
| Andre forfattere: | |
| Summary: | Title screen The formation of the organic matter in coal and kerogens resembles burial in sedimentary layers. Similarity is also seen in terms of Eh and pH, with which the accumulation of microelements in the organic matter is associated. Change in the content of microelements may provide information regarding the organic synthesis of the plant residues and also permit identification of the geochemical conditions. Режим доступа: по договору с организацией-держателем ресурса |
| Sprog: | engelsk |
| Udgivet: |
2015
|
| Serier: | Coal And Coke |
| Fag: | |
| Online adgang: | http://dx.doi.org/10.3103/S1068364X15060071 |
| Format: | MixedMaterials Electronisk Book Chapter |
| KOHA link: | https://koha.lib.tpu.ru/cgi-bin/koha/opac-detail.pl?biblionumber=644645 |
MARC
| LEADER | 00000nla0a2200000 4500 | ||
|---|---|---|---|
| 001 | 644645 | ||
| 005 | 20250317131114.0 | ||
| 035 | |a (RuTPU)RU\TPU\network\9729 | ||
| 090 | |a 644645 | ||
| 100 | |a 20151124d2015 k||y0rusy50 ba | ||
| 101 | 0 | |a eng | |
| 102 | |a US | ||
| 135 | |a drnn ---uucaa | ||
| 181 | 0 | |a i | |
| 182 | 0 | |a b | |
| 200 | 1 | |a Geochemical conditions and organic synthesis of coal and kerogens |f V. P. Ivanov, E. R. Isaeva | |
| 203 | |a Text |c electronic | ||
| 225 | 1 | |a Coal And Coke | |
| 300 | |a Title screen | ||
| 320 | |a [References: p. 217 (7 tit.)] | ||
| 330 | |a The formation of the organic matter in coal and kerogens resembles burial in sedimentary layers. Similarity is also seen in terms of Eh and pH, with which the accumulation of microelements in the organic matter is associated. Change in the content of microelements may provide information regarding the organic synthesis of the plant residues and also permit identification of the geochemical conditions. | ||
| 333 | |a Режим доступа: по договору с организацией-держателем ресурса | ||
| 461 | |t Coke and Chemistry | ||
| 463 | |t Vol. 58, iss. 6 |v [P. 214-217] |d 2015 | ||
| 610 | 1 | |a электронный ресурс | |
| 610 | 1 | |a труды учёных ТПУ | |
| 610 | 1 | |a каменный уголь | |
| 610 | 1 | |a керогены | |
| 610 | 1 | |a геополимеры | |
| 610 | 1 | |a микроэлементы | |
| 610 | 1 | |a уран | |
| 610 | 1 | |a органический синтез | |
| 700 | 1 | |a Ivanov |b V. P. |c geologist |c associate Professor of Tomsk Polytechnic University, Doctor of geological and mineralogical sciences |f 1953- |g Vladimir Petrovich |3 (RuTPU)RU\TPU\pers\35681 |9 18842 | |
| 701 | 1 | |a Isaeva |b E. R. |c Geologist |c Engineer of Tomsk Polytechnic University |f 1989- |g Elena Rinatovna |3 (RuTPU)RU\TPU\pers\35025 | |
| 712 | 0 | 2 | |a Национальный исследовательский Томский политехнический университет (ТПУ) |b Институт природных ресурсов (ИПР) |b Кафедра геологии и разведки полезных ископаемых (ГРПИ) |3 (RuTPU)RU\TPU\col\18660 |
| 801 | 2 | |a RU |b 63413507 |c 20151124 |g RCR | |
| 856 | 4 | |u http://dx.doi.org/10.3103/S1068364X15060071 | |
| 942 | |c CF | ||